|
|
|
|
| LEADER |
00000nam0a2200000 4500 |
| 001 |
205856 |
| 005 |
20231101225316.0 |
| 010 |
|
|
|a 9785919160090
|
| 035 |
|
|
|a (RuTPU)RU\TPU\book\224376
|
| 090 |
|
|
|a 205856
|
| 100 |
|
|
|a 20111216d2011 k y0rusy50 ca
|
| 101 |
0 |
|
|a rus
|
| 102 |
|
|
|a RU
|
| 105 |
|
|
|a y z 100zy
|
| 200 |
1 |
|
|a Развитие инженерного образования и его роль в технологической модернизации России
|e материалы и документы парламентских слушаний Комитета Государственной Думы по образованию, Москва, 12 мая 2011
|f Московский государственный технический университет им. Н. Э. Баумана (МГТУ) ; под ред. В. К. Балтяна
|
| 210 |
|
|
|a Москва
|c МГТУ
|d 2011
|
| 215 |
|
|
|a 90 с.
|
| 330 |
|
|
|a Сборник включает материалы стенограммы и документы парламентских слушаний на тему: "Развитие инженерного образования и его роль в технологической модернизации России". Парламентские слушания организованы Комитетом Государственной Думы Федерального Собрания Российской Федерации по образованию. В слушаниях приняли участие депутаты-члены Государственной Думы, члены Комитета Государственной Думы по образованию, представители Министерства образования и науки Российской Федерации, Министерства промышленности и торговли Российской Федерации, Торгово-промышленной палаты Российской Федерации, руководители высших учебных заведений, академических и общественных структур, представители сферы производства и бизнеса, а также средств массовой информации. На парламентских слушаниях обсуждены вопросы развития российского инженерного образования, роли технических университетов в модернизации, технологическом и инновационном развитии экономики России. Участниками заседания был дан глубокий анализ состояния инженерного образования в стране, было отмечено, что инновационное развитие экономики требует превращения профессионального образования в гибкую саморазвивающуюся систему, адекватно реагирующую на вызовы времени и меняющиеся запросы общества, осуществляющую подготовку кадров, способных проводить инновационные разработки, решать проблемы модернизации и технологического развития экономики страны. Участники заседания подчеркнули важность принятых за последнее время государственных решений, целевых программ, направленных на развитие системы инженерного образования, поддержку фундаментальных и прикладных научных исследований, усиление социальных гарантий работников сферы образования. В сборник включены рекомендации участников парламентских слушаний по теме: "Развитие инженерного образования и его роль в технологической модернизации России", одобренные решением Комитета Государственной Думы по образованию от 2 июня 2011 года. Парламентские слушания состоялись 12 мая 2011 года в здании Государственной Думы.
|
| 606 |
1 |
|
|a Инженерное образование
|x Организация
|x Модернизация
|y Россия
|2 stltpush
|3 (RuTPU)RU\TPU\subj\67487
|9 83263
|
| 610 |
1 |
|
|a высшее образование
|
| 610 |
1 |
|
|a высшее профессиональное образование
|
| 610 |
1 |
|
|a высшее университетское образование
|
| 610 |
1 |
|
|a технологическая модернизация
|
| 610 |
1 |
|
|a технические университеты
|
| 610 |
1 |
|
|a парламентские слушания
|
| 610 |
1 |
|
|a совещания
|
| 686 |
|
|
|a Ч484(2)72л0
|v LBC/SL-A
|2 rubbk
|
| 702 |
|
1 |
|a Балтян
|b В. К.
|4 340
|
| 712 |
0 |
2 |
|a Московский государственный технический университет им. Н. Э. Баумана (МГТУ)
|c (1989- )
|2 stltpush
|3 (RuTPU)RU\TPU\col\1562
|
| 712 |
1 |
2 |
|a Развитие инженерного образования и его роль в технологической модернизации России
|b парламентские слушания
|e Москва
|f 2011
|
| 801 |
|
1 |
|a RU
|b 63413507
|c 20111216
|
| 801 |
|
2 |
|a RU
|b 63413507
|c 20130603
|g RCR
|
| 942 |
|
|
|c BK
|